| 000 | 00871nmm a2200289 a 4500 | ||
|---|---|---|---|
| 003 | AR-BaBNM | ||
| 005 | 20251128202959.0 | ||
| 008 | 018019s1968 ||||||||||||||000 | spa|| | ||
| 040 | _cAR-BaBNM | ||
| 100 | 1 | _aAgüero, Luis E. | |
| 245 | 1 | 0 |
_aEl combate naval de Martín García _b10 al 15 de marzo de 1814 |
| 260 |
_aBuenos Aires _bDepartamento de Estudios Históricos Navales _c1968 |
||
| 300 | 0 |
_a199 p. _btablas, mapas, il. |
|
| 504 | _aBibliografía para consultar p. 189-191 | ||
| 504 | _aApéndice documental p. 115-187 | ||
| 650 | 4 | _aHISTORIA MILITAR | |
| 650 | 4 | _aHISTORIA DE LA NAVEGACION | |
| 650 | 4 | _aHISTORIA NAVAL | |
| 650 | 4 | _aARMADA | |
| 650 | 4 | _aBUQUES | |
| 650 | 4 | _aCAMPANAS NAVALES | |
| 650 | 4 | _aCOMBATE DE MARTIN GARCIA 1814 | |
| 651 | 4 | _aArgentina | |
| 700 | 1 |
_aDestefani, Laurio H. _eprologuista |
|
| 942 | _cBK | ||
| 998 | _cMariana | ||
| 999 |
_c1350 _d1350 |
||